000
00414nam a2200133Ia 4500
008
100328s9999 xx 000 0 und d
082
_b
51901
100
_a
वाळिंबे वि.स.
245
_a
वुइ दि नेशन
260
_b
मेहता पब्लिशिंग हाऊस
630
_a
वुइ दि नेशन
730
_a
वुइ दि नेशन
942
_c
BOOK
999
_c
538797
_d
538794